Materiales para la clase de Religión en secundaria, 1

Saved in:
书目详细资料
Main Authors: Torres Mechan, Miguel Angel (Author), Villar, Gemma (Author)
格式: 图书
语言:西班牙语
出版: Madrid CCS 1999
版:5a. ed
丛编:Recursos de Pastoral, 10
主题:
标签: 添加标签
没有标签, 成为第一个标记此记录!

MARC

LEADER 00000cam a2200000 a 4500
001 UCF9333
003 CL-VaPUC
008 131111e19990600sp |||||||||||||||||spa|d
020 |a 9788483162422 
082 0 4 |a 268.433  |b TOR  |2 21 
100 0 |a Torres Mechan, Miguel Angel  |e author  |9 571603 
700 0 |a Villar, Gemma  |e author  |9 571604 
245 1 0 |a Materiales para la clase de Religión en secundaria, 1 
250 |a 5a. ed 
300 |a 207 p 
942 |c BK 
945 |d 20131111 15:03:00  |a dcastane 
260 |a Madrid  |b CCS  |c 1999 
650 0 |a Educación religiosa   |9 308312 
650 0 |a Métodos de enseñanza  |9 270413 
583 |a last modification  |c 20131111 15:03:00  |k Rodrigo Vera 
490 0 |a Recursos de Pastoral, 10 
999 |c 353785  |d 353783 
952 |0 0  |1 0  |3 erb  |4 0  |6 268_433000000000000_TOR_1999  |7 0  |8 A  |9 459174  |a BIBTEO  |b BIBTEO  |d 2019-11-23  |i 5026385  |o 268.433 TOR 1999  |p 5026385  |r 2025-01-17  |w 2019-11-23  |y BK  |z Catalogado en:20131111  |k ICR